<?xml version="1.0" encoding="UTF-8"?>
<record
    xmlns:xsi="http://www.w3.org/2001/XMLSchema-instance"
    xsi:schemaLocation="http://www.loc.gov/MARC21/slim http://www.loc.gov/standards/marcxml/schema/MARC21slim.xsd"
    xmlns="http://www.loc.gov/MARC21/slim">

  <leader>01865nam a22002177a 4500</leader>
  <controlfield tag="003">OSt</controlfield>
  <controlfield tag="005">20210709150618.0</controlfield>
  <controlfield tag="008">120612t        xxu||||| |||| 00| 0 eng d</controlfield>
  <datafield tag="020" ind1=" " ind2=" ">
    <subfield code="a">9780077173630</subfield>
  </datafield>
  <datafield tag="040" ind1=" " ind2=" ">
    <subfield code="c">LC</subfield>
  </datafield>
  <datafield tag="050" ind1=" " ind2=" ">
    <subfield code="a">HG4026.C82</subfield>
  </datafield>
  <datafield tag="245" ind1=" " ind2=" ">
    <subfield code="a">Corporate finance. /</subfield>
    <subfield code="c">David Hillier ... [et al.]</subfield>
  </datafield>
  <datafield tag="250" ind1=" " ind2=" ">
    <subfield code="a">3rd ed.</subfield>
  </datafield>
  <datafield tag="260" ind1=" " ind2=" ">
    <subfield code="a">London:</subfield>
    <subfield code="b">McGraw-Hill Education,</subfield>
    <subfield code="c">2016.</subfield>
  </datafield>
  <datafield tag="300" ind1=" " ind2=" ">
    <subfield code="a">xii, 849 p.:</subfield>
    <subfield code="b">ill.;</subfield>
  </datafield>
  <datafield tag="500" ind1=" " ind2=" ">
    <subfield code="a">Includes index.</subfield>
  </datafield>
  <datafield tag="505" ind1=" " ind2=" ">
    <subfield code="a">Contents: 1. Overview: -- Introduction to corporate finance -- Corporate governance -- 2. Valuation of future cash flows: Financial statement analysis -- Discounted cash flow valuation -- Bond, equity and firm valuation -- Net present value and other investment rules --  Making capital investment decisions -- Risk analysis, real options and capital budgeting -- 3. Risk: Risk and return: lessons from market history -- Risk and return: The capital asset pricing model -- Factor models and the arbitrage pricing theory -- Risk, cost of capital and behavioural finance -- Long-term financing -- 4. Capital structure and dividend policy: Capital structure- basic concepts -- Capital structure- Limits to the use of debt -- Valuation and capital budgeting for the levered firm -- Dividends and other payouts -- 5. Long-term financing: Equity financing -- Debt financing -- Leasing -- 6. Options, futures and corporate finance: Options and corporate finance -- Options and corporate finance-extensions and applications -- Warrants and convertibles -- Financial risk management with derivatives -- 
7. Financial planning and short-term finance: Short-term finance and planning -- Short-term capital management -- 8. Special topics: Mergers and acquisitions -- Financial distress -- International corporate finance -- 

</subfield>
  </datafield>
  <datafield tag="650" ind1=" " ind2=" ">
    <subfield code="b">Corporate finance.</subfield>
  </datafield>
  <datafield tag="700" ind1=" " ind2=" ">
    <subfield code="a">Hillier, David</subfield>
  </datafield>
  <datafield tag="942" ind1=" " ind2=" ">
    <subfield code="2">lcc</subfield>
    <subfield code="c">BK</subfield>
  </datafield>
  <datafield tag="999" ind1=" " ind2=" ">
    <subfield code="c">7721</subfield>
    <subfield code="d">15221</subfield>
  </datafield>
  <datafield tag="952" ind1=" " ind2=" ">
    <subfield code="0">0</subfield>
    <subfield code="1">0</subfield>
    <subfield code="2">lcc</subfield>
    <subfield code="4">0</subfield>
    <subfield code="7">0</subfield>
    <subfield code="a">WIUC-KL</subfield>
    <subfield code="b">WIUC-KL</subfield>
    <subfield code="c">GEN</subfield>
    <subfield code="d">2019-10-30</subfield>
    <subfield code="l">0</subfield>
    <subfield code="o">HG4026.C82(3e)</subfield>
    <subfield code="p">K/961/961/19</subfield>
    <subfield code="r">2021-07-09 00:00:00</subfield>
    <subfield code="t">1</subfield>
    <subfield code="w">2021-07-09</subfield>
    <subfield code="y">BK</subfield>
  </datafield>
  <datafield tag="952" ind1=" " ind2=" ">
    <subfield code="0">0</subfield>
    <subfield code="1">0</subfield>
    <subfield code="2">lcc</subfield>
    <subfield code="4">0</subfield>
    <subfield code="7">0</subfield>
    <subfield code="a">WIUC-KL</subfield>
    <subfield code="b">WIUC-KL</subfield>
    <subfield code="c">GEN</subfield>
    <subfield code="d">2019-10-30</subfield>
    <subfield code="l">0</subfield>
    <subfield code="o">HG4026.C821(3e)</subfield>
    <subfield code="p">K/962/962/19</subfield>
    <subfield code="r">2021-07-09 00:00:00</subfield>
    <subfield code="t">2</subfield>
    <subfield code="w">2021-07-09</subfield>
    <subfield code="y">BK</subfield>
  </datafield>
  <datafield tag="952" ind1=" " ind2=" ">
    <subfield code="0">0</subfield>
    <subfield code="1">0</subfield>
    <subfield code="2">lcc</subfield>
    <subfield code="4">0</subfield>
    <subfield code="7">0</subfield>
    <subfield code="a">WIUC-KL</subfield>
    <subfield code="b">WIUC-KL</subfield>
    <subfield code="c">GEN</subfield>
    <subfield code="d">2019-10-31</subfield>
    <subfield code="l">0</subfield>
    <subfield code="o">HG4026.C822(3e)</subfield>
    <subfield code="p">K/1114/1114/19</subfield>
    <subfield code="r">2021-07-09 00:00:00</subfield>
    <subfield code="t">3</subfield>
    <subfield code="w">2021-07-09</subfield>
    <subfield code="y">BK</subfield>
  </datafield>
  <datafield tag="952" ind1=" " ind2=" ">
    <subfield code="0">0</subfield>
    <subfield code="1">0</subfield>
    <subfield code="2">lcc</subfield>
    <subfield code="4">0</subfield>
    <subfield code="7">0</subfield>
    <subfield code="a">WIUC-KL</subfield>
    <subfield code="b">WIUC-KL</subfield>
    <subfield code="c">GEN</subfield>
    <subfield code="d">2019-11-04</subfield>
    <subfield code="l">0</subfield>
    <subfield code="o">HG4026.C823(3e)</subfield>
    <subfield code="p">K/1205/1205/19</subfield>
    <subfield code="r">2021-07-09 00:00:00</subfield>
    <subfield code="t">4</subfield>
    <subfield code="w">2021-07-09</subfield>
    <subfield code="y">BK</subfield>
  </datafield>
  <datafield tag="952" ind1=" " ind2=" ">
    <subfield code="0">0</subfield>
    <subfield code="1">0</subfield>
    <subfield code="2">lcc</subfield>
    <subfield code="4">0</subfield>
    <subfield code="7">0</subfield>
    <subfield code="a">WIUC-KL</subfield>
    <subfield code="b">WIUC-KL</subfield>
    <subfield code="c">GEN</subfield>
    <subfield code="d">2019-11-04</subfield>
    <subfield code="l">0</subfield>
    <subfield code="o">HG4026.C824(3e)</subfield>
    <subfield code="p">K/1206/1206/19</subfield>
    <subfield code="r">2021-07-09 00:00:00</subfield>
    <subfield code="t">5</subfield>
    <subfield code="w">2021-07-09</subfield>
    <subfield code="y">BK</subfield>
  </datafield>
  <datafield tag="952" ind1=" " ind2=" ">
    <subfield code="0">0</subfield>
    <subfield code="1">0</subfield>
    <subfield code="2">lcc</subfield>
    <subfield code="4">0</subfield>
    <subfield code="7">0</subfield>
    <subfield code="a">WIUC-KL</subfield>
    <subfield code="b">WIUC-KL</subfield>
    <subfield code="c">GEN</subfield>
    <subfield code="d">2019-11-04</subfield>
    <subfield code="l">0</subfield>
    <subfield code="o">HG4026.C825(3e)</subfield>
    <subfield code="p">K/1207/1207/19</subfield>
    <subfield code="r">2021-07-09 00:00:00</subfield>
    <subfield code="t">6</subfield>
    <subfield code="w">2021-07-09</subfield>
    <subfield code="y">BK</subfield>
  </datafield>
</record>
